Automatické generovanie programových testov diplomová práca

Uložené v:
Podrobná bibliografia
Hlavný autor: Harčaríková, Zuzana
Korporativný autor: Fakulta hospodárskej informatiky EU. Katedra aplikovanej informatiky
Ďalší autori: Bandurič, Igor, 1980-
Médium: Kniha
Jazyk:Slovak
Vydavateľské údaje: Bratislava 2013
Tagy: Pridať tag
Žiadne tagy, Buďte prvý, kto otaguje tento záznam!

MARC

LEADER 00000nbm a2200000 4500
001 0171488
005 20161109102435.8
041 0 |a slo 
044 |a SK 
245 1 0 |a Automatické generovanie programových testov  |b diplomová práca  |c Zuzana Harčaríková ; školiteľ: Igor Bandurič 
264 1 |a Bratislava  |c 2013 
300 |a 70 s. 
100 1 |a Harčaríková, Zuzana 
700 1 |a Bandurič, Igor, 1980- 
710 2 |a Fakulta hospodárskej informatiky EU. Katedra aplikovanej informatiky